000 00779nam a22002777a 4500
001 BR8007211
003 BR-BrBNA
005 20230928090833.0
007 ta
008 230509b bl.||||| |||| 00| 0 por d
040 _aBR-BrBNA
_bpor
_cBiblioteca Nacional de Agricultura
041 _a(Por)
072 _aE15
090 _ E15 BR8007211
100 1 _aLabaig, H.C.
100 1 _aNascimento, W.C.
110 1 _aSecretaria da Agricultura do Estado de Goias, Goiania (Brasil). Depto. de Assistencia ao Cooperativismo
_98211
245 1 _aCurso basico de cooperativismo
260 3 _aGoiania, GO (Brasil):
_c[nd].
300 _a45 p.
500 _aPublished 1980?
650 _aCOOPERATIVA
650 _aCURSO
909 _a202309
_bLucia
_c55
_dLucia Elande
942 _cBK
999 _c30815
_d30815